Displacement and rehabilitation : (Record no. 72320)

MARC details
000 -LEADER
fixed length control field 01579nam a22003137a 4500
005 - DATE AND TIME OF LATEST TRANSACTION
control field 20121220103630.0
008 - FIXED-LENGTH DATA ELEMENTS--GENERAL INFORMATION
fixed length control field 121220t xxu||||| |||| 00| 0 eng d
010 ## - LCCN (DPL NO)
LC control number ENG-106513
020 ## - INTERNATIONAL STANDARD BOOK NUMBER
International Standard Book Number 9788121211604
Terms of availability 900.00
035 ## - SYSTEM CONTROL NUMBER
System control number EN-90046
037 ## - SOURCE OF ACQUISITION
Source of stock number/acquisition DBAD/PUB
040 ## - CATALOGING SOURCE
Original cataloging agency DPL
Language of cataloging Eng
082 04 - DEWEY DECIMAL CLASSIFICATION NUMBER
Classification number 304.80954
Edition number 23
245 00 - TITLE STATEMENT
Title Displacement and rehabilitation :
Remainder of title solutions for the future /
Statement of responsibility, etc edited by Nihar Ranjan Mishra [and] Kamal K. Misra
260 ## - PUBLICATION, DISTRIBUTION, ETC. (IMPRINT)
Place of publication, distribution, etc Bhopal
Name of publisher, distributor, etc Indira Gandhi Rashtriya Manav Sangrahalaya
Place of publication, distribution, etc New Delhi
Name of publisher, distributor, etc Gyan Publishing House
Date of publication, distribution, etc 2012
270 ## - ADDRESS
Address 23, Main Ansari Road, Daryaganj
City New Delhi
Postal code 110002
300 ## - PHYSICAL DESCRIPTION
Extent 457p.
Dimensions 23cm(Hb)
500 ## - GENERAL NOTE
General note Includes bibliographical references and index.
505 0# - FORMATTED CONTENTS NOTE
Formatted contents note Section 1. Issues on displacement and livelihood -- section 2. Rehabilitation policy and implementation issues and peoples' responses.
520 ## - SUMMARY, ETC.
Summary, etc Papers presented at an international conference held at Rourkela during 13-14 November 2010.
650 #0 - SUBJECT ADDED ENTRY--TOPICAL TERM
Topical term or geographic name as entry element Forced migration
Geographic subdivision India
Form subdivision Congresses.
9 (RLIN) 54452
650 #0 - SUBJECT ADDED ENTRY--TOPICAL TERM
Topical term or geographic name as entry element Internally displaced persons
General subdivision Rehabilitation
Geographic subdivision India
Form subdivision Congresses.
9 (RLIN) 54453
700 1# - ADDED ENTRY--PERSONAL NAME
Personal name Mishra, Nihar Ranjan
9 (RLIN) 54454
700 1# - ADDED ENTRY--PERSONAL NAME
Personal name Misra, K. K.
Fuller form of name (Kamal Kant),
Dates associated with a name 1954-
9 (RLIN) 54455
710 2# - ADDED ENTRY--CORPORATE NAME
Corporate name or jurisdiction name as entry element Indirā Gāndhī Rāshṭrīya Mānava Saṅgrahālaya.
9 (RLIN) 54456
942 ## - ADDED ENTRY ELEMENTS (KOHA)
Source of classification or shelving scheme Dewey Decimal Classification
Item type English Books
Classification part 304.80954
Call number suffix DIS
Holdings
Withdrawn status Lost status Source of classification or shelving scheme Damaged status Not for loan Collection code Home library Current library Date acquired Source of acquisition Cost, normal purchase price Total Checkouts Full call number Barcode Date last seen Copy number Cost, replacement price Koha item type
    Dewey Decimal Classification   Not For Loan Non-fiction D.B.Act.Division D.B.Act.Division 20/12/2012 DBAD/PUB 900.00   304.80954 DIS EN-90046 20/12/2012 1 900.00 English Books

© Delhi Public Library
Hit Counter
free hit counter